Vowel-less Slogans Quiz Stats

 Plays Quiz Updated Dec 24, 2018

Support Sporcle.
Go Orange.
Score 0/20 Timer 04:00
0 Plays Today
Vowel-less Slogan Company/Product % Correct
'm lvn' tMcDonald's
97.1%
fngr lckn' gdKFC
95.7%
jst d tNike
89.6%
tst th rnbwSkittles
89.3%
th'r grtFrosted Flakes
78.1%
t frshSubway
76.5%
mrc rns n dnknDunkin'
75.1%
t gvs y wngsRed Bull
73.7%
hv t yr wBurger King
69.5%
th hppst plc n rthDisneyland
69.3%
Vowel-less Slogan Company/Product % Correct
whr's th bfWendy's
61.3%
th kng f brsBudweiser
54.8%
thnk dffrntApple
54%
zm zmMazda
47.5%
wht's n yr wlltCapital One
47%
b yr thrstSprite
41%
s s cvmn cld d tGeico
28.7%
s t n yGatorade
22.2%
tht ws sStaples
21.9%
sv mn lv bttrWalmart
19.9%

You're not logged in!

Compare scores with friends on all Sporcle quizzes.
OR
Log In

From the Vault

The Lightning Thief

by bookworm1016

Being the child of a god is more challenging than you'd think, believe me I should know.
Remove Ads.
Support Sporcle.
Get the best of Sporcle when you Go Orange. This ad-free experience offers more features, more stats, and more fun while also helping to support Sporcle. Thank you for becoming a member.

Show Comments

Extras

Top Quizzes Today


Score Distribution

Your Account Isn't Verified!

In order to create a playlist on Sporcle, you need to verify the email address you used during registration. Go to your Sporcle Settings to finish the process.

Report this User

Report this user for behavior that violates our Community Guidelines.

Details: